000 00925nas a2200313 4500
001 BR0305976
003 BR-BrBNA
005 20231205104214.0
007 ta
008 230509b bl.|||p| |||| 00| 00por d
040 _aBR-BrBNA
_bpor
_cBiblioteca Nacional de Agricultura
041 _a(En)
072 _aF30
100 1 _aAraújo, R. de
100 1 _aMiglioranza, E.
100 1 _aMontalvan, R.
100 1 _aDestro, D.
100 1 _aGonçalves-Vidigal, M.C.
100 1 _aModa-Cirino, V.
245 1 _aGenotype x environment interaction effects on the iron content of common bean grains
650 _aFEIJÃO
650 _aGENÓTIPO
650 _aCONDIÇÃO AMBIENTAL
650 _aMUDA
650 _aFERRO
773 0 _tCrop Breeding and Applied Biotechnology (Brazil)
_xISSN 1518-7853
_g(Dec 2003), v. 3(4) p. 269-274
_wBR0305976
909 _a202311
_bLúcia
_c55
_dLúcia Elande
942 _2AGRIS
_n0
_cANA
999 _c176931
_d176931